UBT Library

Guide to basic reference materials for Canadian libraries. (Record no. 44739)

000 -LEADER
fixed length control field 00547cam a2200217 a 4500
001 - CONTROL NUMBER
control field 3811075
005 - DATE AND TIME OF LATEST TRANSACTION
control field 20180312081652.0
008 - FIXED-LENGTH DATA ELEMENTS--GENERAL INFORMATION
fixed length control field 850422s1984 onc b 001 0 eng
010 ## - LIBRARY OF CONGRESS CONTROL NUMBER
LC control number 85145990
020 ## - INTERNATIONAL STANDARD BOOK NUMBER
International Standard Book Number 0802065813 (pbk.)
040 ## - CATALOGING SOURCE
Original cataloging agency DLC
Transcribing agency DLC
Modifying agency DLC
041 ## - LANGUAGE CODE
Language code of text/sound track or separate title eng
043 ## - GEOGRAPHIC AREA CODE
Geographic area code n-cn---
080 ## - UNIVERSAL DECIMAL CLASSIFICATION NUMBER
Universal Decimal Classification number 011.02 IBM
082 00 - DEWEY DECIMAL CLASSIFICATION NUMBER
Classification number 011.02 IBM
Edition number 19
100 ## - Rafti
Rafti 28
101 ## - Shkurtesa
Shkurtesa SHK
245 00 - TITLE STATEMENT
Title Guide to basic reference materials for Canadian libraries.
906 ## - LOCAL DATA ELEMENT F, LDF (RLIN)
a 7
b cbc
c orignew
d 3
e ncip
f 19
g y-gencatlg
942 ## - ADDED ENTRY ELEMENTS (KOHA)
Source of classification or shelving scheme
Item type Books
Holdings
Withdrawn status Lost status Source of classification or shelving scheme Damaged status Not for loan Collection code Permanent location Current location Shelving location Date acquired Total Checkouts Full call number Barcode Date last seen Price effective from Koha item type
          Koleksioni i përgjithshem UBT - Lipjan UBT - Lipjan Koleksioni i përgjithshem 03/12/2018   011.02 IBM 002-3001563 03/12/2018 03/12/2018 Books
UBT Library © 2015-2024. All rights reserved University Education for Business and Technology